|
|
|
|
| LEADER |
00000cam a2200000 7i4500 |
| 001 |
0000005276 |
| 005 |
20220105104010.0 |
| 008 |
070802 |
| 020 |
|
|
|a 9830782573(set)
|
| 020 |
|
|
|a 9830782603
|
| 090 |
0 |
0 |
|a JP
|b MOR ENG (6158)
|
| 100 |
0 |
|
|a Kumara Velu
|
| 245 |
1 |
4 |
|a The kind farmer
|c Kumara Velu
|
| 260 |
|
|
|a Selangor :
|b Pustaka Murni ,
|c 2004
|
| 440 |
|
|
|a Our favourite moral tales
|
| 500 |
|
|
|a Children age 4-6 years old (yellow)
|
| 650 |
|
0 |
|a Children's stories, English
|
| 650 |
|
0 |
|a English fiction
|
| 650 |
|
0 |
|a Moral
|
| 999 |
|
|
|a 0000859437
|b Book
|c Children Collection
|e Cawangan Tmn. Ungku Tun Aminah
|
| 999 |
|
|
|a 0000859438
|b Book
|c Children Collection
|e Cawangan Tmn. Ungku Tun Aminah
|
| 999 |
|
|
|a 0000979353
|b Book
|c Children Collection
|e Cawangan Sri Merlong
|
| 999 |
|
|
|a 0000979354
|b Book
|c Children Collection
|e Perbadanan Perpustakaan Awam Johor
|
| 999 |
|
|
|a 0000979356
|b Book
|c Children Collection
|e Cawangan Kota Tinggi
|
| 999 |
|
|
|a 0000979357
|b Book
|c Children Collection
|e Perbadanan Perpustakaan Awam Johor
|